000 02038nam a2200361 a 4500
001 13991021
008 161027s2011 ||||||||||||||||| || u
010 _a2005928597
020 _a9780857023711
020 _a1412920116 (hbk.)
050 _aPE 1471 Red
100 _aMaples, Wendy
245 1 0 _aGood essay writing : a social sciences guide. (4th ed.)
_cPeter Redman [and] Wendy Maples
250 _a4th ed.
260 _aLondon:
_bThe Open University
_c2011
300 _aix, 172 pages
350 _a21.00
490 _aSAGE Study Skills
500 _aPrevious ed.: 2001. Includes bibliographical references (p. [116]) and index.
650 0 _aESSAY-- AUTHORSHIP-- PROBLEMS, EXERCISES, etc
650 0 _aESSAY-- AUTHORSHIP- - PROBLEMS, EXERCISE, ETC
650 0 _aSOCIAL SCIENCES
650 0 _aSOCIAL SCIENCES-- AUTHORSHIP-- PROBLEMS, EXERCISES, etc
650 0 _aENGLISH LANGUAGE-- RHETORIC
700 _aRedman, Peter
856 _uhttp://www.loc.gov/catdir/enhancements/fy0666/2005928597-d.html
856 _uhttp://www.loc.gov/catdir/enhancements/fy0666/2005928597-t.html
995 _aKAPASA MAKASA LIBRARY OPEN ACCESS
_e746315
_FCBU-KAPASA MAKASA LIBRARY (Chinsali)
_I21.00
_jPE 1471 Red
_M1
_UAVAILABLE
_WAug 15, 2017
_y746315
_ZKapasa Makasa Library Open Acess Collection
995 _aMAIN LIBRARY OPEN ACCESS
_e747084
_FCBU-MAIN LIBRARY (Kitwe)
_I21.00
_jPE 1471 Red
_M3
_UAVAILABLE
_WOct 27, 2016
_y747084
_ZMain Library Open Access Collection
995 _aMEDICAL LIBRARY OPEN ACCESS
_e905257
_FCBU-SCHOOL OF MEDICINE LIBRARY (Ndola)
_I21.00
_jPE 1471 Red
_M4
_UAVAILABLE
_WJan 14, 2022
_y905257
_ZMedical Library Open Access Collection
995 _aMEDICAL LIBRARY OPEN ACCESS
_e905258
_FCBU-SCHOOL OF MEDICINE LIBRARY (Ndola)
_I21.00
_jPE 1471 Red
_M5
_UAVAILABLE
_WJan 14, 2022
_y905258
_ZMedical Library Open Access Collection
995 _aKAPASA MAKASA LIBRARY OPEN ACCESS
_e746316
_FCBU-KAPASA MAKASA LIBRARY (Chinsali)
_I21.00
_jPE 1471 Red
_M2
_UAVAILABLE
_WAug 15, 2017
_y746316
_ZKapasa Makasa Library Open Acess Collection
999 _c63913
_d63913